00381nam a22001097a 4500003000400000082001800004100001900022245014500041260004400186300000800230650003300238SGT a617.522bC25D aDawar, Sameera aComparative analysis of microneedling with PRP versus microneedling with Vitamin C serum in the management of Post-operative cleft lip scars aGurugram, HaryanabSGT Universityc2025 a104 aOral & Maxillofacial Surgery